[Event "SWE-chT 1920 Elite"]
[Site "Sweden"]
[Date "2020.02.01"]
[Round "5"]
[White "Zadruzny, Nicolaj"]
[Black "Larsson, Victor"]
[Result "1/2-1/2"]
[WhiteElo "2338"]
[BlackElo "2201"]
[PlyCount "114"]
[EventDate "2019.10.18"]
[EventType "team-tourn"]
[EventRounds "9"]
[EventCountry "SWE"]
[SourceTitle "EXT 2023"]
[Source "ChessBase"]
[SourceDate "2022.10.05"]
[SourceVersion "1"]
[SourceVersionDate "2022.10.05"]
[SourceQuality "1"]
[WhiteTeam "Stockholm Rockaden"]
[BlackTeam "Burgsvik Alva"]
[WhiteTeamCountry "SWE"]
[BlackTeamCountry "SWE"]

1. e4 c5 2. Nf3 Nc6 3. d4 cxd4 4. Nxd4 g6 5. c4 Nf6 6. Nc3 Bg7 7. Be3 Ng4 8. Qxg4 Nxd4 9. Qd1 Ne6 10. Rc1 Qa5 11. Be2 b6 12. Qd5 Rb8 13. Qxa5 bxa5 14. b3 Bb7 15. Bxa7 Ra8 16. Be3 Bxc3+ 17. Rxc3 Bxe4 18. f3 Bc6 19. Kf2 0-0 20. Rb1 Rfd8 21. Rc2 d5 22. cxd5 Bxd5 23. Rd1 Rd6 24. Rcd2 Rad8 25. h4 h5 26. Ke1 Kf8 27. Bf2 f5 28. Bg3 f4 29. Bf2 Kf7 30. Rd3 Kf6 31. Kf1 Nc7 32. Be1 Ra8 33. Rd4 e5 34. Ra4 Rc6 35. Rxa5 Rxa5 36. Bxa5 Be6 37. Bd3 Nd5 38. Bd2 Ne7 39. Be1 Bd5 40. Bc4 Be6 41. Bd3 Nd5 42. Bd2 Bf5 43. Ke2 g5 44. hxg5+ Kxg5 45. Bxf5 Kxf5 46. Rc1 Rg6 47. Kf2 e4 48. fxe4+ Kxe4 49. Rc4+ Kf5 50. Rd4 Ke5 51. Rd3 Ke4 52. Rh3 Rc6 53. a4 Rc2 54. Ke1 Rb2 55. Kd1 Ne3+ 56. Bxe3 fxe3 57. Rxh5 Rxb3 1/2-1/2

[Event "SWE-chT 1920 Elite"]
[Site "Sweden"]
[Date "2019.10.20"]
[Round "3.1"]
[White "Ahlander, Bjorn"]
[Black "Larsson, Victor"]
[Result "1-0"]
[WhiteElo "2399"]
[BlackElo "2201"]
[PlyCount "59"]
[EventDate "2019.10.18"]
[EventType "team-tourn"]
[EventRounds "9"]
[EventCountry "SWE"]
[SourceTitle "CBM 192 Extra"]
[Source "Chessbase"]
[SourceDate "2019.11.06"]
[SourceVersion "1"]
[SourceVersionDate "2019.11.06"]
[SourceQuality "1"]
[WhiteTeam "Lunds"]
[BlackTeam "Burgsvik Alva"]
[WhiteTeamCountry "SWE"]
[BlackTeamCountry "SWE"]

1. d4 d5 2. c4 e6 3. Nc3 Be7 4. Nf3 Nf6 5. g3 0-0 6. Bg2 dxc4 7. Ne5 Nc6 8. Bxc6 bxc6 9. Nxc6 Qe8 10. Nxe7+ Qxe7 11. Qa4 c5 12. dxc5 Qxc5 13. Be3 Qh5 14. 0-0-0 Nd5 15. Qa5 Bb7 16. f3 Qg6 17. Bd4 Rfc8 18. e4 Nb6 19. Bxb6 axb6 20. Qxb6 Bc6 21. Rd6 Be8 22. Rhd1 Qh5 23. Qf2 Qa5 24. R1d2 h6 25. h4 Rab8 26. g4 Ba4 27. Qd4 Kh7 28. f4 Bb3 29. Rd7 Kg8 30. Qa7 1-0

[Event "SWE-chT 1819 Superettan"]
[Site "Sweden"]
[Date "2019.03.31"]
[Round "9"]
[White "Larsson, Victor"]
[Black "Henriksson, Johan"]
[Result "1-0"]
[WhiteElo "2201"]
[BlackElo "2262"]
[PlyCount "95"]
[EventDate "2018.11.09"]
[EventType "team-tourn"]
[EventRounds "9"]
[EventCountry "SWE"]
[SourceTitle "EXT 2020"]
[Source "ChessBase"]
[SourceDate "2019.10.17"]
[SourceVersion "1"]
[SourceVersionDate "2019.10.17"]
[SourceQuality "1"]
[WhiteTeam "Burgsvik Alva"]
[BlackTeam "Kungstornet"]
[WhiteTeamCountry "SWE"]
[BlackTeamCountry "SWE"]

1. d4 d5 2. c4 dxc4 3. Nf3 Nf6 4. e3 e6 5. Bxc4 c5 6. 0-0 a6 7. a4 Nc6 8. Qe2 Be7 9. Rd1 0-0 10. Nc3 Qb6 11. b3 Bd7 12. Rb1 Rfd8 13. Bb2 Rac8 14. Ne5 cxd4 15. exd4 Nb4 16. h3 Be8 17. Ra1 Qa5 18. Rd2 Nbd5 19. Nxd5 Nxd5 20. Rad1 b5 21. axb5 axb5 22. Ra1 Qb6 23. Bd3 Bb4 24. Rc2 Nc3 25. Bxh7+ Kxh7 26. Bxc3 Bxc3 27. Qd3+ f5 28. Rxc3 Rxd4 29. Qc2 Rxc3 30. Qxc3 Qd6 31. Re1 b4 32. Qg3 Rd1 33. Rxd1 Qxd1+ 34. Kh2 Qd6 35. f4 Bh5 36. Qg5 g6 37. Qf6 Qd2 38. Qf7+ Kh8 39. Qf8+ Kh7 40. Qe7+ Kg8 41. Qxe6+ Kg7 42. Qe7+ Kg8 43. Qf7+ Kh8 44. Qc4 Kg7 45. Qc7+ Kg8 46. Nf7 Bf3 47. Nh6+ Kh8 48. Qc8+ 1-0

[Event "Rilton Cup 48th"]
[Site "Stockholm"]
[Date "2018.12.28"]
[Round "2"]
[White "Mullon, Jean Baptiste"]
[Black "Larsson, Victor"]
[Result "1/2-1/2"]
[WhiteElo "2387"]
[BlackElo "2201"]
[PlyCount "145"]
[EventDate "2018.12.27"]
[EventType "swiss"]
[EventRounds "9"]
[EventCountry "SWE"]
[SourceTitle "CBM 188 Extra"]
[Source "ChessBase"]
[SourceDate "2019.02.26"]
[SourceVersion "1"]
[SourceVersionDate "2019.02.26"]
[SourceQuality "1"]

1. e4 c5 2. Nf3 Nc6 3. d4 cxd4 4. Nxd4 g6 5. c4 Nf6 6. Nc3 d6 7. Be2 Nxd4 8. Qxd4 Bg7 9. Bg5 0-0 10. Qe3 Qb6 11. Qd2 Qa5 12. 0-0 Be6 13. Rac1 Rfc8 14. b3 a6 15. f4 Rc5 16. Qe3 Rac8 17. Na4 R5c6 18. f5 Bd7 19. Nc3 Qc5 20. Qxc5 Rxc5 21. b4 R5c6 22. fxg6 hxg6 23. Nd5 Re8 24. Nxe7+ Rxe7 25. Bxf6 Bxf6 26. Rxf6 Rxe4 27. Bf3 Rcxc4 28. Rxc4 Rxc4 29. Bd5 Rc1+ 30. Kf2 Bc6 31. Rxg6+ Kf8 32. Rg5 Rc2+ 33. Kg3 Bxd5 34. Rxd5 Ke7 35. Ra5 Ke6 36. h4 Rc4 37. h5 f5 38. b5 Rc5 39. a4 Kf6 40. bxa6 bxa6 41. Rxa6 Kg5 42. Rxd6 Rc3+ 43. Kh2 Ra3 44. Ra6 Kxh5 45. a5 f4 46. Ra8 Kg6 47. a6 Kf7 48. Kg1 Ra2 49. Kf1 Kg7 50. Ra7+ Kg6 51. Kg1 Kh6 52. Rf7 Rxa6 53. Rxf4 Kg7 54. Kh2 Ra3 55. Rh4 Rb3 56. Rh3 Rb2 57. Ra3 Rb8 58. Ra5 Rb3 59. Ra6 Rc3 60. g3 Rc4 61. Kh3 Rb4 62. g4 Rb5 63. Kg3 Rb4 64. Kh4 Rb5 65. Rc6 Ra5 66. Rb6 Rc5 67. Re6 Ra5 68. Rb6 Rc5 69. g5 Rc1 70. Rb7+ Kg6 71. Rb6+ Kg7 72. Rb7+ Kg6 73. Rb6+ 1/2-1/2

[Event "SWE-chT 1718 Superettan"]
[Site "Sweden"]
[Date "2018.03.16"]
[Round "7"]
[White "Larsson, Victor"]
[Black "Sjodahl, Pontus"]
[Result "1/2-1/2"]
[WhiteElo "2184"]
[BlackElo "2413"]
[PlyCount "34"]
[EventDate "2017.10.20"]
[EventType "team-tourn"]
[EventRounds "9"]
[EventCountry "SWE"]
[SourceTitle "EXT 2019"]
[Source "ChessBase"]
[SourceDate "2018.10.10"]
[SourceVersion "1"]
[SourceVersionDate "2018.10.10"]
[SourceQuality "1"]
[WhiteTeam "Burgsvik Alva"]
[BlackTeam "Vasteras"]
[WhiteTeamCountry "SWE"]
[BlackTeamCountry "SWE"]

1. d4 Nf6 2. c4 e6 3. Nf3 d5 4. g3 Be7 5. Bg2 0-0 6. 0-0 dxc4 7. Qc2 a6 8. a4 Bd7 9. Qxc4 Bc6 10. Bg5 Nbd7 11. Nc3 h6 12. Bxf6 Nxf6 13. b4 Bd5 14. Nxd5 exd5 15. Qb3 c6 16. Ne5 Bd6 17. Nd3 Qe7 1/2-1/2

[Event "SWE Cup"]
[Site "Sweden"]
[Date "2017.03.25"]
[Round "8.2"]
[White "Larsson, Victor"]
[Black "Borvander, Tom"]
[Result "1/2-1/2"]
[WhiteElo "2188"]
[BlackElo "2162"]
[PlyCount "109"]
[EventDate "2017.01.14"]
[EventType "team-tourn"]
[EventRounds "9"]
[EventCountry "SWE"]
[SourceTitle "EXT 2018"]
[Source "ChessBase"]
[SourceDate "2017.10.13"]
[SourceVersion "1"]
[SourceVersionDate "2017.10.13"]
[SourceQuality "1"]
[WhiteTeam "Burgsvik Alva"]
[BlackTeam "Kamraterna"]
[WhiteTeamCountry "SWE"]
[BlackTeamCountry "SWE"]

1. d4 Nf6 2. c4 g6 3. Nc3 Bg7 4. e4 d6 5. Nf3 0-0 6. Be2 e5 7. 0-0 Nc6 8. d5 Ne7 9. b4 Nh5 10. g3 f5 11. Ng5 Nf6 12. Bf3 h6 13. Ne6 Bxe6 14. dxe6 Rb8 15. b5 Kh8 16. Be3 Nc8 17. Qd2 Ng8 18. Rad1 Re8 19. exf5 gxf5 20. Bd5 Qf6 21. Kh1 Nge7 22. c5 dxc5 23. Bxc5 Rd8 24. Qc2 b6 25. Bb4 Nd6 26. Qa4 Nxd5 27. Nxd5 Qxe6 28. Nxc7 Qc4 29. Rc1 Qe4+ 30. f3 Qb7 31. Ne6 Rd7 32. Bxd6 Rxd6 33. Rc7 Rxe6 34. Rxb7 Rxb7 35. Qc2 Rbe7 36. Qxf5 e4 37. fxe4 Rxe4 38. Rf2 R4e5 39. Qc8+ Re8 40. Qd7 R5e7 41. Qd3 Re3 42. Qg6 R3e6 43. Qh5 Rd8 44. Kg2 Re5 45. Qg6 Rxb5 46. Rf7 Rg5 47. Qc6 Rd2+ 48. Kf3 Rxa2 49. Rxg7 Rxg7 50. Qxh6+ Kg8 51. Qe6+ Rf7+ 52. Ke3 Rxh2 53. g4 Rhf2 54. g5 Rf1 55. Ke2 1/2-1/2

[Event "SWE Cup"]
[Site "Sweden"]
[Date "2017.01.14"]
[Round "4.3"]
[White "Larsson, Victor"]
[Black "Crevatin, Leo"]
[Result "0-1"]
[WhiteElo "2188"]
[BlackElo "2030"]
[PlyCount "88"]
[EventDate "2017.01.14"]
[EventType "team-tourn"]
[EventRounds "9"]
[EventCountry "SWE"]
[SourceTitle "EXT 2018"]
[Source "ChessBase"]
[SourceDate "2017.10.13"]
[SourceVersion "1"]
[SourceVersionDate "2017.10.13"]
[SourceQuality "1"]
[WhiteTeam "Burgsvik Alva"]
[BlackTeam "Stockholm Rockaden II"]
[WhiteTeamCountry "SWE"]
[BlackTeamCountry "SWE"]

1. e4 c5 2. Nf3 Nc6 3. d4 cxd4 4. Nxd4 Nf6 5. Nc3 e5 6. Ndb5 d6 7. Nd5 Nxd5 8. exd5 Nb8 9. c4 Nd7 10. Qa4 a6 11. c5 dxc5 12. d6 axb5 13. Qxa8 c4 14. Bg5 f6 15. Be3 Bxd6 16. 0-0-0 Ke7 17. g3 Qc7 18. Bh3 Rd8 19. Rd5 b6 20. Rxd6 Qxd6 21. Rd1 Qc7 22. Qe4 g6 23. Qh4 Nf8 24. Rxd8 Qxd8 25. Bh6 Bxh3 26. Qxh3 Nd7 27. Be3 Qg8 28. f4 exf4 29. gxf4 f5 30. Bd4 Kd6 31. Qa3+ Kc6 32. Qe7 Qd5 33. Be5 Qh1+ 34. Kc2 Qxh2+ 35. Kc1 Qh1+ 36. Kc2 Qe4+ 37. Kc1 Qd5 38. Qe8 Kb7 39. Qe7 h5 40. Bf6 Qh1+ 41. Kc2 Qg2+ 42. Kc1 Qf1+ 43. Kc2 Qd3+ 44. Kc1 b4 0-1

[Event "SWE-chT 1516"]
[Site "Sweden"]
[Date "2015.11.06"]
[Round "1"]
[White "Larsson, Victor"]
[Black "Larsson, Anders"]
[Result "1-0"]
[WhiteElo "2188"]
[BlackElo "2224"]
[PlyCount "105"]
[EventDate "2015.11.06"]
[EventType "team-tourn"]
[EventRounds "9"]
[EventCountry "SWE"]
[SourceTitle "EXT 2018"]
[Source "ChessBase"]
[SourceDate "2017.10.13"]
[SourceVersion "1"]
[SourceVersionDate "2017.10.13"]
[SourceQuality "1"]
[WhiteTeam "Burgsvik Alva"]
[BlackTeam "Kungstornet"]
[WhiteTeamCountry "SWE"]
[BlackTeamCountry "SWE"]

1. d4 e6 2. c4 Bb4+ 3. Nd2 d5 4. Ngf3 Nf6 5. a3 Be7 6. g3 0-0 7. Bg2 c5 8. dxc5 Bxc5 9. 0-0 a5 10. b3 Nc6 11. Bb2 d4 12. b4 axb4 13. Nb3 Be7 14. axb4 Rxa1 15. Qxa1 Bxb4 16. Nfxd4 Nxd4 17. Bxd4 Be7 18. Na5 Qc7 19. Rb1 Bc5 20. Be5 Qe7 21. Nxb7 Bxb7 22. Rxb7 Qd8 23. Rb5 Be7 24. c5 Nd7 25. Bxg7 Bxc5 26. Bh6 f6 27. Bxf8 Bxf8 28. Qd1 Qc8 29. Rb7 Ne5 30. Ra7 Qc5 31. Ra8 Kf7 32. e3 Kg6 33. h4 Be7 34. Ra6 Qc4 35. Bf1 Qe4 36. Bg2 Qc4 37. Ra4 Qc5 38. Qa1 h5 39. Be4+ Kf7 40. Qd1 Ng4 41. Bf3 f5 42. Bxg4 hxg4 43. e4 Bd6 44. exf5 exf5 45. Qb3+ Ke7 46. Rc4 Qe5 47. Qb7+ Kf6 48. Qb6 Ke7 49. Qa7+ Ke6 50. Qd4 Qb5 51. Rc1 Qe2 52. Qc4+ Qxc4 53. Rxc4 1-0

[Event "Norrkoeping Easter op"]
[Site "Norrkoeping"]
[Date "2015.04.05"]
[Round "7"]
[White "Larsson, Victor"]
[Black "Sjodahl, Pontus"]
[Result "1/2-1/2"]
[WhiteElo "2134"]
[BlackElo "2414"]
[PlyCount "83"]
[EventDate "2015.04.03"]
[EventType "swiss"]
[EventRounds "8"]
[EventCountry "SWE"]
[SourceTitle "CBM 165 Extra"]
[Source "ChessBase"]
[SourceDate "2015.04.21"]
[SourceVersion "1"]
[SourceVersionDate "2015.04.21"]
[SourceQuality "1"]

1. d4 Nf6 2. c4 e6 3. Nf3 d5 4. Nc3 Bb4 5. cxd5 exd5 6. Bg5 h6 7. Qa4+ Nc6 8. Bxf6 Qxf6 9. a3 Bxc3+ 10. bxc3 0-0 11. e3 Qg6 12. Qb5 Qc2 13. Qd3 Qb2 14. Rb1 Qxa3 15. Be2 b6 16. 0-0 a5 17. Qc2 Qd6 18. Nh4 Qf6 19. Qa4 Rd8 20. Rfc1 Ne7 21. Nf3 Bd7 22. Qa2 c5 23. dxc5 bxc5 24. Qa3 Rdc8 25. c4 a4 26. Rd1 Bf5 27. Rb2 Rd8 28. Rbd2 Be6 29. Qxc5 Rdc8 30. Qa3 dxc4 31. Nd4 Bd5 32. Rc1 Ng6 33. Bf1 Qe7 34. Nb5 Qc5 35. Qxc5 Rxc5 36. Rxd5 Rxd5 37. Nc7 Rda5 38. Nxa8 Rxa8 39. Bxc4 Kf8 40. Ba2 Ra7 41. Kf1 Ke7 42. Ke2 1/2-1/2

[Event "SWE-chT 1415 Superettan"]
[Site "Sweden"]
[Date "2015.01.17"]
[Round "4"]
[White "Mayrany, Fargalla"]
[Black "Larsson, Victor"]
[Result "1-0"]
[WhiteElo "1844"]
[BlackElo "2143"]
[PlyCount "39"]
[EventDate "2014.11.21"]
[EventType "team-tourn"]
[EventRounds "9"]
[EventCountry "SWE"]
[SourceTitle "EXT 2018"]
[Source "ChessBase"]
[SourceDate "2017.10.13"]
[SourceVersion "1"]
[SourceVersionDate "2017.10.13"]
[SourceQuality "1"]
[WhiteTeam "Stockholm Rockaden II"]
[BlackTeam "Burgsvik Alva"]
[WhiteTeamCountry "SWE"]
[BlackTeamCountry "SWE"]

1. b3 d5 2. Bb2 Nf6 3. e3 c5 4. Nf3 Nc6 5. Bb5 e6 6. 0-0 Bd6 7. d3 a6 8. Bxc6+ bxc6 9. Ne5 Nd7 10. f4 Bxe5 11. fxe5 Qg5 12. Qf3 Nxe5 13. Bxe5 Qxe5 14. Qxf7+ Kd8 15. Nd2 Qxe3+ 16. Rf2 Qh6 17. Nc4 Bd7 18. Ne5 Be8 19. Qb7 Rc8 20. Nf7+ 1-0

[Event "SWE-chT 1314"]
[Site "Sweden"]
[Date "2014.03.09"]
[Round "9.4"]
[White "Glimbrant, Torbjorn"]
[Black "Larsson, Victor"]
[Result "1-0"]
[WhiteElo "2271"]
[BlackElo "2153"]
[PlyCount "71"]
[EventDate "2013.11.22"]
[EventType "team-tourn"]
[EventRounds "9"]
[EventCountry "SWE"]
[SourceTitle "EXT 2015"]
[Source "ChessBase"]
[SourceDate "2014.11.20"]
[SourceVersion "1"]
[SourceVersionDate "2014.11.20"]
[SourceQuality "1"]
[WhiteTeam "Upsala"]
[BlackTeam "Burgsvik Alva"]
[WhiteTeamCountry "SWE"]
[BlackTeamCountry "SWE"]

1. d4 d5 2. c4 e6 3. Nf3 Nf6 4. e3 Be7 5. Nc3 0-0 6. Qc2 c6 7. Bd3 dxc4 8. Bxc4 b5 9. Bd3 Bb7 10. 0-0 a6 11. e4 h6 12. Rd1 Nbd7 13. Qe2 Re8 14. e5 Nd5 15. Qe4 Nf8 16. Qg4 Kh8 17. Ne4 f5 18. exf6 Nxf6 19. Nxf6 Bxf6 20. Be3 Qe7 21. Rac1 Qb4 22. Qh5 Kg8 23. b3 Rad8 24. Be4 Qd6 25. Ne5 Bxe5 26. Qxe5 Qa3 27. Bxh6 gxh6 28. Rc3 Re7 29. Rg3+ Kf7 30. Qh5+ Kf6 31. Qxh6+ Kf7 32. Qh5+ Kf6 33. Qg5+ Kf7 34. Bg6+ Kg7 35. Be8+ Kh7 36. Rh3# 1-0

[Event "SWE-chT 1314"]
[Site "Sweden"]
[Date "2013.11.24"]
[Round "3.1"]
[White "Larsson, Victor"]
[Black "Malesevic, Nedeljko"]
[Result "1-0"]
[WhiteElo "2139"]
[BlackElo "2255"]
[PlyCount "109"]
[EventDate "2013.11.22"]
[EventType "team-tourn"]
[EventRounds "9"]
[EventCountry "SWE"]
[SourceTitle "CBM 157 Extra"]
[Source "ChessBase"]
[SourceDate "2013.12.19"]
[SourceVersion "1"]
[SourceVersionDate "2013.12.19"]
[SourceQuality "1"]
[WhiteTeam "Burgsvik Alva"]
[BlackTeam "Eksjo"]
[WhiteTeamCountry "SWE"]
[BlackTeamCountry "SWE"]

1. d4 d5 2. c4 e6 3. Nc3 Nf6 4. Bg5 Be7 5. Nf3 0-0 6. e3 c6 7. Qc2 Ne4 8. Bxe7 Qxe7 9. Nxe4 dxe4 10. Qxe4 Qb4+ 11. Nd2 Qxb2 12. Rb1 Qxa2 13. Bd3 f5 14. Qf4 Qa5 15. g4 c5 16. d5 Qc3 17. Be2 e5 18. Qg3 f4 19. exf4 Qxg3 20. hxg3 exf4 21. Bd3 g6 22. Ne4 fxg3 23. fxg3 Nd7 24. g5 b6 25. Be2 Kg7 26. Kd2 Ne5 27. Nf6 Rh8 28. Rbe1 Nf7 29. Bd1 Ba6 30. Re7 Bxc4 31. Kc3 Bb5 32. Bg4 Kf8 33. Rhe1 Nxg5 34. Bd7 a6 35. Bxb5 axb5 36. Nd7+ Kg8 37. Nf6+ Kf8 38. d6 Nf7 39. Nd7+ Kg8 40. Nxb6 Ra3+ 41. Kb2 Rd3 42. d7 Kg7 43. Rf1 Rf8 44. g4 h6 45. Na8 Rxa8 46. Rfxf7+ Kg8 47. Rg7+ Kh8 48. Rxg6 Rd2+ 49. Kb1 Rd1+ 50. Kb2 Rd2+ 51. Kc1 Raa2 52. Ra6 Rdc2+ 53. Kd1 Rd2+ 54. Ke1 Rxd7 55. Re8+ 1-0

[Event "SWE-chT 1213"]
[Site "Sweden"]
[Date "2013.03.17"]
[Round "9"]
[White "Larsson, Victor"]
[Black "Welin, Mats Erik Thomas"]
[Result "0-1"]
[WhiteElo "2118"]
[BlackElo "2351"]
[PlyCount "64"]
[EventDate "2012.10.05"]
[EventType "team-tourn"]
[EventRounds "9"]
[EventCountry "SWE"]
[SourceTitle "EXT 2014"]
[Source "ChessBase"]
[SourceDate "2013.11.20"]
[SourceVersion "1"]
[SourceVersionDate "2013.11.20"]
[SourceQuality "1"]
[WhiteTeam "Burgsvik Alva"]
[BlackTeam "Manhem"]
[WhiteTeamCountry "SWE"]
[BlackTeamCountry "SWE"]

1. d4 Nf6 2. c4 e6 3. Nc3 Bb4 4. e3 0-0 5. Bd3 d5 6. Nf3 c5 7. 0-0 Nc6 8. a3 Bxc3 9. bxc3 Qc7 10. cxd5 exd5 11. a4 Re8 12. Ba3 c4 13. Bc2 Qa5 14. Qc1 Bg4 15. Rb1 Qc7 16. Nd2 Bh5 17. f3 Rxe3 18. Ne4 Re2 19. Nxf6+ gxf6 20. Rb5 Bg6 21. Bxg6 hxg6 22. Rxd5 Rae8 23. Qh6 Ne7 24. Rc5 Qd7 25. Rxc4 Nf5 26. Qh3 Kg7 27. Qg4 Qe6 28. Rb4 Qe3+ 29. Kh1 Qxc3 30. Rb5 Qxa3 31. Rxf5 Re1 32. Rxe1 Rxe1# 0-1

[Event "SWE-chT 1213"]
[Site "Sweden"]
[Date "2012.12.01"]
[Round "4"]
[White "Engqvist, Thomas"]
[Black "Larsson, Victor"]
[Result "1/2-1/2"]
[WhiteElo "2322"]
[BlackElo "2118"]
[PlyCount "86"]
[EventDate "2012.10.05"]
[EventType "team-tourn"]
[EventRounds "9"]
[EventCountry "SWE"]
[SourceTitle "EXT 2014"]
[Source "ChessBase"]
[SourceDate "2013.11.20"]
[SourceVersion "1"]
[SourceVersionDate "2013.11.20"]
[SourceQuality "1"]
[WhiteTeam "Stockholm Rockaden"]
[BlackTeam "Burgsvik Alva"]
[WhiteTeamCountry "SWE"]
[BlackTeamCountry "SWE"]

1. c4 c5 2. Nf3 Nc6 3. d4 cxd4 4. Nxd4 g6 5. e4 Bg7 6. Be3 Nf6 7. Nc3 0-0 8. Be2 b6 9. 0-0 Bb7 10. f3 Qb8 11. Qd2 Rd8 12. Ndb5 d6 13. Nd5 Ne8 14. Rac1 Rd7 15. Rfd1 Qd8 16. Bf1 e6 17. Ndc3 Qe7 18. Qf2 Rc8 19. Rd2 Ba8 20. Nd5 Qf8 21. Nf4 Qe7 22. Rcd1 Ne5 23. Na3 Bh6 24. Nxg6 hxg6 25. Bxh6 f5 26. Qg3 Nf6 27. exf5 Nh5 28. Qh3 exf5 29. Re2 Qf6 30. f4 Nf7 31. Bg5 Nxg5 32. fxg5 Qxg5 33. Qe3 Qxe3+ 34. Rxe3 Kf7 35. Nb5 d5 36. cxd5 Bxd5 37. Red3 Nf6 38. Nc3 Be6 39. Rxd7+ Nxd7 40. Ba6 Rc5 41. Rd2 Ne5 42. a3 Ra5 43. Be2 Bc4 1/2-1/2

[Event "Bar Sozina op"]
[Site "Bar"]
[Date "2005.03.06"]
[Round "3"]
[White "Cernousek, Lukas"]
[Black "Larsson, Victor"]
[Result "1-0"]
[WhiteElo "2321"]
[BlackElo "2143"]
[PlyCount "52"]
[EventDate "2005.03.04"]
[EventType "swiss"]
[EventRounds "9"]
[EventCountry "YUG"]
[SourceTitle "CBM 105 Extra"]
[Source "ChessBase"]
[SourceDate "2005.05.01"]
[SourceVersion "1"]
[SourceVersionDate "2005.05.01"]
[SourceQuality "1"]

1. e4 c5 2. Nf3 Nc6 3. d4 cxd4 4. Nxd4 g6 5. Nc3 Bg7 6. Be3 Nf6 7. Bc4 Qa5 8. 0-0 0-0 9. Nb3 Qc7 10. f4 d6 11. h3 a6 12. a4 b6 13. Qe2 Na5 14. Nxa5 bxa5 15. Bd4 Nxe4 16. Bxg7 Ng3 17. Qf2 Kxg7 18. Bd5 Nxf1 19. Bxa8 Ng3 20. Bf3 Qc5 21. Re1 Be6 22. Qxc5 dxc5 23. Re5 Rb8 24. b3 c4 25. bxc4 Bxc4 26. Rxe7 Rb2 1-0

[Event "Bar Sozina op"]
[Site "Bar"]
[Date "2005.03.04"]
[Round "1"]
[White "Pavlovic, Milos M"]
[Black "Larsson, Victor"]
[Result "1/2-1/2"]
[WhiteElo "2444"]
[BlackElo "2143"]
[PlyCount "75"]
[EventDate "2005.03.04"]
[EventType "swiss"]
[EventRounds "9"]
[EventCountry "YUG"]
[SourceTitle "CBM 105 Extra"]
[Source "ChessBase"]
[SourceDate "2005.05.01"]
[SourceVersion "1"]
[SourceVersionDate "2005.05.01"]
[SourceQuality "1"]

1. Nf3 d5 2. d4 Nf6 3. c4 e6 4. Nc3 Be7 5. Bg5 0-0 6. e3 h6 7. Bh4 b6 8. Bd3 Bb7 9. 0-0 Ne4 10. Bg3 Nxg3 11. hxg3 Nd7 12. Qe2 c5 13. Rad1 Qc7 14. cxd5 exd5 15. dxc5 bxc5 16. Ba6 Nf6 17. Bxb7 Qxb7 18. Rd2 Rab8 19. Rfd1 Rfd8 20. Ne5 Bd6 21. Ng4 Nxg4 22. Qxg4 Be5 23. Nxd5 Bxb2 24. Qc4 Bd4 25. Nf4 Bf6 26. Nh5 Qe7 27. Rxd8+ Rxd8 28. Rxd8+ Qxd8 29. Qxc5 Bc3 30. Nf4 Qd1+ 31. Kh2 Be1 32. Qc8+ Kh7 33. Qf5+ Kg8 34. Nd5 Bxf2 35. Ne7+ Kf8 36. Ng6+ Kg8 37. Ne7+ Kf8 38. Ng6+ 1/2-1/2